Srta. Marple y 13 problemas / (Record no. 208145)

MARC details
000 -CABECERA
campo de control de longitud fija 00556nam a22001817a 4500
003 - IDENTIFICADOR DEL NÚMERO DE CONTROL
campo de control UPN
005 - FECHA Y HORA DE LA ÚLTIMA TRANSACCIÓN
campo de control 20220608063510.0
008 - DATOS DE LONGITUD FIJA--INFORMACIÓN GENERAL
campo de control de longitud fija 210902b ||||| |||| 00| 0 spa d
040 ## - FUENTE DE CATALOGACIÓN
Agencia de catalogación original UPN
Idioma de catalogación spa
Agencia que realiza la transcripción UPN
050 #4 - CLASIFICACIÓN DE LA BIBLIOTECA DEL CONGRESO
Número clasificador PS5689
100 1# - ASIENTO PRINCIPAL--NOMBRE PERSONAL
9 (RLIN) 28955
Nombre personal Christie, Agatha,
Fechas asociadas con el nombre 1890-1976
245 10 - MENCIÓN DE TÍTULO
Título Srta. Marple y 13 problemas /
Mención de responsabilidad, etc. Agatha Christie ; tr. C. Peraire del Molino.
260 ## - PUBLICACION, DISTRIBUCION, ETC. (PIE DE IMPRENTA)
Lugar de publicación, distribución, etc. España :
Nombre del editor, distribuidor, etc. Molino,
Fecha de publicación, distribución, etc. 1960.
300 ## - DESCRIPCIÓN FÍSICA
Extensión 235 p.
490 ## - MENCIÓN DE SERIE
Designación numérica/secuencial del volumen 164
650 #0 - ASIENTO SECUNDARIO DE MATERIA - TERMINO TEMÁTICO
Término temático o nombre geográfico como elemento de entrada Cuentos policíacos y de misterio
9 (RLIN) 2405
942 ## - ELEMENTOS DE PUNTO DE ACCESO ADICIONAL (KOHA)
Fuente del sistema de clasificación o colocación Library of Congress Classification
Tipo de ítem Koha Libro

No items available.